Names of Football Clubs - Statistics

General Stats
  • This quiz has been taken 25 times
    11 since last reset
  • The average score is 12 of 28
Answer Stats
Hint Country Club Name % Correct
Greek hero of Troy Netherlands, South Africa Ajax Amsterdam
67%
Fast Austria, Romania, others Rapid Vienna
67%
Minor urban area England, Wales, others Luton Town
56%
Major urban area England, Ireland, others Manchester City
56%
A collective joined together England, Scotland, others Newcastle United
56%
Weapons storage facility England, Argentina, others Arsenal
56%
Physically strong & fit Spain, England, others Athletic Bilbao
56%
Latin for youth Italy, Brazil, others Juventus Turin
56%
Royal Spain, Mexico, others Real Madrid
56%
Historic Czech region Czechia, Ireland Bohemians Prague
44%
Personification of Prussia Germany Borussia Dortmund
44%
Gaelic, Breton, Cornish, etc. Scotland, Spain, others Celtic Glasgow
44%
Military Army Sports Team Russia, Bulgaria, others CSKA Moscow
44%
Electric energy generator Ukraine, Belarus, others Dynamo Kyiv
44%
Latin for Good Luck Germany, Netherlands Fortuna Düsseldorf
44%
Moving fast to compete Argentina, Spain, others Racing Club
44%
Historic Britain, white England Brighton & Hove Albion
33%
The New World Mexico, Colombia, Brazil Club America
33%
Guerilla fighters against Ottoman rule Croatia, Serbia Hajduk Split
33%
Quadrennial Sports Competition Greece, France, others Olympiacos Piraeus
33%
Ancient Greek city state Czechia, Netherlands, others Sparta Prague
33%
Underwater missile Russia, Belarus, others Torpedo Moscow
33%
Triumph, win, British queen Portugal, Czechia,others Vitoria Guimaraes
33%
Roaming people England, Wales, others Blackburn Rovers
22%
Sporting Spain, Colombia, others Deportivo La Coruña
22%
Latin for Ireland Scotland, Malta Hibernian Edinburgh
22%
A "holy" club Mexico, Brazil, Santos Laguna
22%
Sports arena France Stade Brestois
22%
No matching quizzes found
Score Distribution
Percent of People with Each Score
Percentile by Number Answered
Your Score History
You have not taken this quiz since the last reset